| Tag |
First Indicator |
Second Indicator |
Subfields |
| LEADER |
00000cam a2200000 a 4500 |
| 001 |
in00002685708 |
| 005 |
20151202113852.0 |
| 008 |
100930s2011 nyua b 000 0 eng |
| 010 |
|
|
|a 2010041924
|
| 020 |
|
|
|a 9781433109881 (pbk. : alk. paper)
|
| 020 |
|
|
|a 1433109883 (pbk. : alk. paper)
|
| 020 |
|
|
|a 9781433109898 (hardcover : alk. paper)
|
| 020 |
|
|
|a 1433109891 (hardcover : alk. paper)
|
| 035 |
|
|
|a (OCoLC)ocn667874463
|
| 035 |
|
|
|a (OCoLC)667874463
|
| 040 |
|
|
|a DLC
|c DLC
|d YDX
|d YDXCP
|d UtOrBLW
|
| 043 |
|
|
|a n-us---
|
| 049 |
|
|
|a TXAM
|
| 050 |
0 |
0 |
|a JA85.2.U6
|b C645 2011
|
| 082 |
0 |
0 |
|a 324.973/0931
|2 22
|
| 245 |
0 |
0 |
|a Communication in the 2008 U.S. election :
|b digital natives elect a President /
|c edited by Mitchell S. McKinney & Mary C. Banwart.
|
| 264 |
|
1 |
|a New York :
|b Peter Lang,
|c [2011]
|
| 264 |
|
4 |
|c ©2011
|
| 300 |
|
|
|a vi, 329 pages :
|b illustrations ;
|c 24 cm.
|
| 336 |
|
|
|a text
|b txt
|2 rdacontent
|
| 337 |
|
|
|a unmediated
|b n
|2 rdamedia
|
| 338 |
|
|
|a volume
|b nc
|2 rdacarrier
|
| 490 |
1 |
|
|a Frontiers in political communication,
|v v. 20
|
| 504 |
|
|
|a Includes bibliographical references.
|
| 650 |
|
0 |
|a Internet in political campaigns
|z United States.
|
| 650 |
|
0 |
|a Communication in politics
|z United States.
|
| 650 |
|
0 |
|a Political campaigns
|z United States.
|
| 650 |
|
0 |
|a Presidents
|z United States
|x Election
|y 2008.
|
| 651 |
|
0 |
|a United States
|x Politics and government
|y 2001-2009.
|
| 700 |
1 |
|
|a McKinney, Mitchell S.
|
| 700 |
1 |
|
|a Banwart, Mary C.,
|d 1968-
|
| 830 |
|
0 |
|a Frontiers in political communication ;
|v v. 20.
|
| 938 |
|
|
|a YBP Library Services
|b YANK
|n 3518809
|
| 945 |
|
|
|a PromptCat
|b 195088
|
| 946 |
|
|
|a stk
|
| 947 |
|
|
|a A14840565966
|
| 994 |
|
|
|a 92
|b TXA
|
| 948 |
|
|
|a Cataloged
|b h
|c 2011/1/18
|d c
|e rsmith
|
| 999 |
|
|
|a MARS
|
| 999 |
f |
f |
|s 2b55a9b9-64a0-3690-9f6e-676f9e229294
|i 8d70e560-ed9a-3809-9ffb-cc3b37ce6861
|t 0
|
| 952 |
f |
f |
|p ric
|a Texas A&M University
|b Rellis Campus
|c Joint Library Facility
|d Remote Storage
|t 0
|e JA85.2.U6 C645 2011
|h Library of Congress classification
|i unmediated -- volume
|m A14840565966
|
| 998 |
f |
f |
|a JA85.2.U6 C645 2011
|t 0
|l Remote Storage
|